| 000 | 01306cam a2200361 i 4500 | ||
|---|---|---|---|
| 999 |
_c200442659 _d60871 |
||
| 001 | 200442659 | ||
| 003 | TR-AnTOB | ||
| 005 | 20230615114055.0 | ||
| 007 | ta | ||
| 008 | 071101s1982 tu 000 0 tur d | ||
| 035 | _a(TR-AnTOB)200442659 | ||
| 040 |
_aT9K _beng _erda _cT9K _dTR-AnTOB |
||
| 041 | 0 | _atur | |
| 050 | 4 |
_aKKX931.2 _b.A75 1982 |
|
| 090 |
_aTOBBK KKX931.2 _b.A75 1982 |
||
| 100 | 1 |
_aArkan, Sabih, _d1948- _eauthor _9111542 |
|
| 245 | 1 | 0 |
_aKarada yapılan eşya taşımalarında taşıyıcının sorumluluğu / _cSabih Arkan. |
| 246 | 2 | 0 | _aTaşıyıcının sorumluluğu. |
| 264 | 1 |
_aAnkara : _bBanka ve Ticaret Hukuku Araştırma Enstitüsü, _c1982. |
|
| 300 |
_a224 pages ; _c23 cm |
||
| 336 |
_atext _btxt _2rdacontent |
||
| 337 |
_aunmediated _bn _2rdamedia |
||
| 338 |
_avolume _bnc _2rdacarrier |
||
| 650 | 7 |
_aNakliyeciler _zTürkiye _2etuturkob _957953 |
|
| 650 | 7 |
_aNakliyeciler _xHukuk ve mevzuat _zTürkiye _2etuturkob _9131933 |
|
| 650 | 7 |
_aUlaştırma _zTürkiye _2etuturkob _969784 |
|
| 650 | 7 |
_aSorumluluk (Hukuk) _zTürkiye _2etuturkob _969977 |
|
| 650 | 7 |
_aHukuk _zTürkiye _2etuturkob _9103119 |
|
| 710 | 2 |
_aAnkara Üniversitesi. _bBanka ve Ticaret Hukuku Araştırma Enstitüsü _9120000 |
|
| 942 |
_2z _cBK |
||